| Registos Bibliográficos associados ao registo de autoridade |
|
Etiqueta de registo: 00254nam 2200025 450 001 2289461 003 http://id.bnportugal.gov.pt/bib/catbnp/2289461 100 ## $a20260702d2025 k y0pory01030103ba 101 0# $aeng$dpor 102 ## $aPT 105 ## $aa m 000yy 106 ## $ar 200 1# $aAutomation of enterprise architecture discovery based on event mining from API gateway
logs$fCarlos Roberto Pinheiro$gadvisors José Henrique Pereira São Mamede, Sérgio Luís Proença Duarte Guerreiro 210 #9 $aVila Real$c[s.n.],$d2025 215 ## $a215 p.$cil.$d30 cm 328 #1 $aTese dout. Ciência e Tecnologia Web, Universidade de Trás-os-Montes e Alto Douro,
Universidade Aberta, Vila Real, 2025 700 #1 $aPinheiro,$bCarlos Roberto$32002478 702 #1 $aSão-Mamede,$bHenrique$4727$31464897 702 #1 $aGuerreiro,$bSérgio Luís Proença Duarte$4727$31510013 801 #0 $aPT$bBN$gRPC 966 ## $lBN$mFGMON$x1 971 ## $cabrito$d20260702
|
|
|